Sports Quiz

Random Sports or Auto Racing Quiz

F1 Champions by the Car (Clickable) Quiz Stats

 Plays Quiz not verified by Sporcle

Score 0/32 Timer 08:00
3 Plays Today
% Correct
Vettel
85.8%
Schumacher
85.3%
Button
83.4%
Alonso
80.3%
Räikkönen
79.6%
Fangio
75.1%
Hamilton
74.9%
Prost
70.3%
Senna
68.3%
Häkkinen
66.1%
Lauda
65.6%
Brabham
62.5%
Stewart
61.8%
Piquet
54.2%
Mansell
54.1%
Clark
53.6%
% Correct
Fittipaldi
52.7%
Villeneuve
52.7%
Hunt
52.5%
Hill, Damon
52.3%
Farina
51.1%
Hill, Graham
48%
Andretti
46.1%
Jones
39.1%
Hulme
38.8%
Ascari
37.7%
Rosberg
34.9%
Scheckter
31.1%
Rindt
29.2%
Hill, Phil
24.8%
Hawthorn
23.9%
Surtees
20.5%

You're not logged in!

Compare scores with friends on all Sporcle quizzes.
OR
Log In

You Might Also Like...

Show Comments

Extras

Top Quizzes Today


Score Distribution

Your Account Isn't Verified!

In order to create a playlist on Sporcle, you need to verify the email address you used during registration. Go to your Sporcle Settings to finish the process.

Report this User

Report this user for behavior that violates our Community Guidelines.

Details: